000
00208 a2200097 4500
001
27893
100
_a
Hogg, I V
245
_a
Weapons & war machines
260
_a
_b
Phocbus Pub Co.
_c
090
_c
18630
_d
18630
942
_a
NUST-CAE
_c
M
_c
9592
999
_c
262966
_d
262966